000 00363nam a2200109Ia 4500
008 160909s9999 xx 000 0 und d
100 _aJackson, Conner Patrick Stearns
245 _aDiagnosis-based Intrusion Detection
260 _bUniversity of California, Davis.
_c2016
650 _aMASS COM
856 _uhttp://pqdtopen.proquest.com/doc/1796040436.html?FMT=ABS
999 _c304231
_d304231